000 01968cam a2200373 i 4500
999 _c3739
_d3739
001 719274
003 SCU
005 20241007094151.0
008 161013t20172017nyu d 000 1 eng
010 _a2016032495
020 _a9780141375632
040 _aDLC
_beng
_erda
_cDLC
_dYDX
_dOCLCQ
_dSCU
_dKH8
041 0 _aeng
042 _anbic
082 _aFIC MCM
100 1 _aMcManus, Karen M.,
_eauthor.
245 1 0 _aOne of us is lying /
_cKaren M. McManus.
250 _aFirst edition.
260 _aNew York :
_bDelacorte Press,
_c[2017]
264 4 _c©2017.
300 _a360 pages ;
_c22 cm.
336 _atext
_btxt
_2rdacontent.
337 _aunmediated
_bn
_2rdamedia.
338 _avolume
_bnc
_2rdacarrier.
520 _a"Pay close attention and you might solve this. On Monday afternoon, five students at Bayview High walk into detention. Bronwyn, the brain, is Yale-bound and never breaks a rule. Addy, the beauty, is the picture-perfect homecoming princess. Nate, the criminal, is already on probation for dealing. Cooper, the athlete, is the all-star baseball pitcher. And Simon, the outcast, is the creator of Bayview High's notorious gossip app. Only, Simon never makes it out of that classroom. Before the end of detention Simon's dead. And according to investigators, his death wasn't an accident. On Monday, he died. But on Tuesday, he'd planned to post juicy reveals about all four of his high-profile classmates, which makes all four of them suspects in his murder. Or are they the perfect patsies for a killer who's still on the loose? Everyone has secrets, right? What really matters is how far you would go to protect them."
_c--Amazon.
526 0 _aLexile
_cHL730L.
650 0 _aMurder
_vJuvenile fiction.
650 0 _aHigh schools
_vJuvenile fiction.
650 1 _aMystery and detective stories.
650 1 _aMurder
_vFiction.
650 1 _aHigh schools
_vFiction.
650 1 _aSchools
_vFiction.
942 _2ddc
_cFIC